• 首页
  • 本馆介绍
  • 公告通知
  • 最新文献
  • 馆藏检索
  • 电子资源
  • 读者导购
  • 参考咨询
  • 我的图书馆
  • 登录
  • 详细信息显示
  • 放入我的书架
  • 预约/预借图书
  • 作者相关作品
  • 分类相关作品
  • 丛书相关作品
  • 出版社相关作品

书目信息

  • 表格格式
  • 工作单格式
  • 卡片格式
题名:
邓日教育文选
    
 
作者: 邓日 著
分册:  
出版信息: 长沙   湖南师范大学出版社  2015
页数: 314页
开本: 24cm
丛书名:
单 册:
中图分类: G4
科图分类:
主题词: 教育工作--文集
电子资源:
ISBN: 978-7-5648-2124-1
000 00859nam0 2200229 450
001 012015000093
005 20151210153822.67
010    @a978-7-5648-2124-1@dCNY40.00
100    @a20151101d2015 em y0chiy50 ea
101 0  @achi
102    @aCN@b430000
105    @aa z 000yy
106    @ar
200 1  @a邓日教育文选@Adeng ri jiao yu wen xuan@f邓日著
210    @a长沙@c湖南师范大学出版社@d2015
215    @a314页@c图@d24cm
330    @a本书较为全面真实地记录了邓日一生的工作状况和精神面貌,是他工作的经验总结、理论升华,也是他人生品格的记录。师大附中之以趁校庆之机为邓老师出此书,就因为既是对邓老师一辈子献身教育事业的精神给予肯定、鼓励,同时,也是附中的荣耀,是在为附中乃至整个教育界师生传递一种正能量。
606 0  @a教育工作@j文集
690    @aG4@v5
701  0 @a邓日@Adeng ri@4著
801  0 @aCN@b碧洲教育@c20151129
905    @a10447@f2@dG4@e66
    
    邓日教育文选/邓日著.-长沙:湖南师范大学出版社,2015
    314页:图;24cm
    
    
    ISBN 978-7-5648-2124-1:CNY40.00
    本书较为全面真实地记录了邓日一生的工作状况和精神面貌,是他工作的经验总结、理论升华,也是他人生品格的记录。师大附中之以趁校庆之机为邓老师出此书,就因为既是对邓老师一辈子献身教育事业的精神给予肯定、鼓励,同时,也是附中的荣耀,是在为附中乃至整个教育界师生传递一种正能量。
●
相关链接 在E读中查询图书 在五车中查询图书 在当当中查询图书 在豆瓣中查询图书


正题名:邓日教育文选     索取号:G4/66         预约/预借

序号 登录号 条形码 馆藏地/架位号 状态 备注
1 0872166   208721668   教育系资料室/ [索取号:G4/66] 在馆    
2 0872167   208721677   第一样本阅览室/ [索取号:G4/66] 在馆    
3 0872168   208721686   教育系资料室/ [索取号:G4/66] 在馆    
唐山师范学院图书馆 欢迎您!
大连网信软件有限公司© 版权所有